Central Library OPAC University of Rajshahi

The outline of history : (Record no. 23184)

MARC details
000 -LEADER
fixed length control field 00904nam a22002652 4500
001 - CONTROL NUMBER
control field 23184
003 - CONTROL NUMBER IDENTIFIER
rucl marc code BD-RjUL
005 - DATE AND TIME OF LATEST TRANSACTION
control field 20211209000912.0
008 - FIXED-LENGTH DATA ELEMENTS--GENERAL INFORMATION
fixed length control field 140310s1951 enk 001 0 eng d
035 ## - SYSTEM CONTROL NUMBER
System control number (BD-RjUL)23249
040 ## - CATALOGING SOURCE
Original cataloging agency MEU
Transcribing agency MEU
Modifying agency EQO
-- BD-RjUL
Language of cataloging eng
041 ## - LANGUAGE CODE
Language code of text/sound track or separate title eng
082 ## - DEWEY DECIMAL CLASSIFICATION NUMBER
Classification number 901
Author mark and year WEO 1951
090 ## - LOCALLY ASSIGNED LC-TYPE CALL NUMBER (OCLC); LOCAL CALL NUMBER (OCLC)
Classification number (OCLC) (R) ; Classification number, CALL (RLIN) (NR) D21
Local cutter number (OCLC) ; Book number/undivided call number, CALL (RLIN) .W4 1951
100 1# - MAIN ENTRY--PERSONAL NAME
Personal name Wells, H. G.
Fuller form of name (Herbert George),
Dates associated with a name 1866-1946.
9 (RLIN) 71462
245 14 - TITLE STATEMENT
Title The outline of history :
Remainder of title being a plain history of life and mankind /
Statement of responsibility, etc. H.G. Wells.
Name of part/section of a work Rev. ed.
260 ## - PUBLICATION, DISTRIBUTION, ETC. (IMPRINT)
Place of publication, distribution, etc. London :
Name of publisher, distributor, etc. Cassell,
Date of publication, distribution, etc. 1951.
300 ## - PHYSICAL DESCRIPTION
Pagination xvii, 1260 p. :
Illustrations ill., maps ;
Size 22 cm.
500 ## - GENERAL NOTE
General note "Revised and brought up to the end of the second World War by Raymond Postgate."
General note "With maps and plans by J. F. Horrabin."
504 ## - BIBLIOGRAPHY, ETC. NOTE
Bibliography, etc Includes index.
650 #0 - SUBJECT ADDED ENTRY--TOPICAL TERM
Topical term or geographic name as entry element World history.
9 (RLIN) 71463
700 1# - ADDED ENTRY--PERSONAL NAME
Personal name Postgate, Raymond,
Dates associated with a name 1896-1971.
942 ## - ADDED ENTRY ELEMENTS (KOHA)
Source of classification or shelving scheme Dewey Decimal Classification
Koha item type Books
Holdings
Lost status Source of classification or shelving scheme Damaged status Not for loan Collection code Permanent Location Current Location Shelving location Date acquired Source of acquisition Cost, normal purchase price Total Checkouts Full call number Date last seen Copy number Koha item type
  Dewey Decimal Classification   Added to bundle Non-fiction Central Library, University of Rajshahi Central Library, University of Rajshahi Reading Room 07/09/1955 B. H. Blackwell 1.15   901 WEO 1951 10/03/2014 C-1 Books